[Event "Stuttgarter Stadtmeisterschaft 2010 A"]
[Site "Ditzingen"]
[Date "2010.05.15"]
[Round "6.13"]
[White "Höschele, Hans-Ulrich"]
[Black "Dudek, Richard"]
[Result "1-0"]
[WhiteElo "2163"]
[BlackElo "2258"]
[PlyCount "59"]
[EventDate "2010.??.??"]
[WhiteTeam "Stuttgarter SF 1879"]
[BlackTeam "SC Eppingen"]

1. d4 Nf6 2. Nf3 e6 3. g3 b6 4. Bg2 Bb7 5. Nbd2 Be7 6. b3 O-O 7. Bb2 c5 8. O-O
cxd4 9. Bxd4 Nc6 10. Bb2 d5 11. c4 Rc8 12. Rc1 Ba6 13. Ne5 Nxe5 14. Bxe5 Bb4
15. Rc2 Ng4 16. Bc3 Bxc3 17. Rxc3 Ne5 18. Qc1 dxc4 19. bxc4 Rc5 20. Nb3 Rxc4
21. Rxc4 Nxc4 22. Rd1 Qc8 23. Qf4 Rd8 24. Rc1 e5 25. Qh4 Rd6 26. Be4 f5 27. Bd3
e4 28. Bxc4+ Bxc4 29. Qe7 Rc6 30. Rd1 1-0

[Event "Stuttgarter Stadtmeisterschaft 2010 A"]
[Site "Ditzingen"]
[Date "2010.05.15"]
[Round "6.58"]
[White "Rudhart, Michael"]
[Black "Viehoff, Jürgen"]
[Result "1-0"]
[WhiteElo "1926"]
[BlackElo "1886"]
[PlyCount "55"]
[EventDate "2010.??.??"]
[WhiteTeam "SC Feuerbach e. V."]
[BlackTeam "SC Stetten a.d.F."]

1. Nc3 d5 2. e4 c6 3. f4 dxe4 4. Nxe4 Nf6 5. Nxf6+ gxf6 6. d4 Rg8 7. c3 Bg4 8.
Qc2 Rg7 9. h3 Bc8 10. g4 h5 11. g5 fxg5 12. fxg5 Qd5 13. Bg2 Qa5 14. Bf3 Bf5
15. Qe2 Rg6 16. Bxh5 Re6 17. Be3 Bg7 18. Kf2 Be4 19. Nf3 Qf5 20. Bg4 Qg6 21.
Bxe6 Qxe6 22. Bf4 Qf5 23. Kg3 Nd7 24. Rae1 e5 25. Qxe4 Qe6 26. Nxe5 O-O-O 27.
Nxd7 Qxd7 28. Qe7 1-0

[Event "Stuttgarter Stadtmeisterschaft 2010 A"]
[Site "Ditzingen"]
[Date "2010.05.15"]
[Round "6.27"]
[White "Bärner, Helmut"]
[Black "Zikeli, Saskia"]
[Result "1/2-1/2"]
[WhiteElo "2126"]
[BlackElo "2033"]
[PlyCount "136"]
[EventDate "2010.??.??"]
[WhiteTeam "SC Tamm 74"]
[BlackTeam "SC Ingersheim e.V."]

1. c4 Nf6 2. g3 g6 3. b3 Bg7 4. Bb2 O-O 5. Bg2 c6 6. Nf3 d5 7. O-O Bg4 8. d3
Nbd7 9. Nbd2 Re8 10. h3 Bxf3 11. Bxf3 e5 12. Qc2 Nf8 13. Bg2 d4 14. b4 Nh5 15.
c5 f5 16. b5 Qd7 17. bxc6 bxc6 18. Qa4 Rac8 19. Nc4 Rc7 20. Nd6 Rb8 21. Rab1
Nf6 22. Ba3 Rxb1 23. Rxb1 Ne6 24. Qc4 Bf8 25. Rb8 Kg7 26. Bb4 Nd8 27. Ba5 Bxd6
28. cxd6 Rc8 29. Qb3 Rxb8 30. Qxb8 Nf7 31. Bc7 Ne8 32. Qxa7 Nfxd6 33. Bb8 Qxa7
34. Bxa7 Kf6 35. Bxc6 Ke6 36. a4 Nc7 37. e3 dxe3 38. fxe3 Na6 39. Bb5 Nc7 40.
Bc4+ Nxc4 41. dxc4 Na6 42. Kf2 Kd6 43. Ke2 Kc6 44. a5 Kb7 45. Bb6 Nb4 46. Kd2
Kc6 47. e4 h5 48. Kc3 Na6 49. Kd2 Nb8 50. g4 f4 51. gxh5 gxh5 52. Ke2 Nd7 53.
Bd8 Kb7 54. Kf3 Ka6 55. Bc7 Kb7 56. Bd6 Kc6 57. Bb4 Nb8 58. Bc3 Kd6 59. c5+ Ke6
60. Bd2 Na6 61. c6 Kf6 62. Bxf4 exf4 63. Kxf4 Nc7 64. e5+ Ke6 65. h4 Na6 66.
Ke4 Nc7 67. Kd4 Na6 68. Kc4 Kxe5 1/2-1/2

[Event "Stuttgarter Stadtmeisterschaft 2010 A"]
[Site "Ditzingen"]
[Date "2010.05.15"]
[Round "6.32"]
[White "Bluma, Marcel"]
[Black "Maisch, Julian"]
[Result "1/2-1/2"]
[WhiteElo "2095"]
[BlackElo "1862"]
[PlyCount "98"]
[EventDate "2010.??.??"]
[WhiteTeam "SC Ingersheim e.V."]
[BlackTeam "SF 59 Kornwestheim"]

1. e4 e6 2. d4 d5 3. exd5 exd5 4. c3 Nf6 5. Bd3 Be7 6. Nf3 O-O 7. Bg5 h6 8. Bh4
Re8 9. O-O Bg4 10. Nbd2 c6 11. Qc2 Nbd7 12. Ne5 Nxe5 13. dxe5 Nd7 14. Bxe7 Rxe7
15. f4 Nc5 16. Kh1 Nxd3 17. Qxd3 Re8 18. Rae1 f6 19. Qg6 Bd7 20. Nf3 fxe5 21.
Nxe5 Rf8 22. f5 Rf6 23. Qg4 Qc7 24. Ng6 Re8 25. Rxe8+ Bxe8 26. Re1 Bxg6 27.
fxg6 Qe7 28. Qg3 Qd8 29. h3 Kf8 30. Qg4 b6 31. Kg1 b5 32. Kh1 a5 33. Qg3 Qd6
34. Qe3 Qd7 35. Qg3 Qd6 36. Qe3 Qd7 37. Qc5+ Rd6 38. Rf1+ Kg8 39. Qb6 Rxg6 40.
Qxa5 Re6 41. Qb4 Re8 42. Qf4 Qe7 43. b4 Rf8 44. Qxf8+ Qxf8 45. Rxf8+ Kxf8 46.
Kg1 Ke7 47. Kf2 Ke6 48. Ke3 Ke5 49. g4 g5 1/2-1/2

[Event "Stuttgarter Stadtmeisterschaft 2010 A"]
[Site "Ditzingen"]
[Date "2010.05.15"]
[Round "6.50"]
[White "Turski, Tomasz"]
[Black "Schäfer, Daniela"]
[Result "1/2-1/2"]
[WhiteElo "2056"]
[BlackElo "1917"]
[PlyCount "61"]
[EventDate "2010.??.??"]
[WhiteTeam "SC Ingersheim e.V."]
[BlackTeam "SF Deizisau"]

1. d4 f5 2. c4 Nf6 3. Nf3 g6 4. Nc3 Bg7 5. e3 O-O 6. Be2 d6 7. b3 Nc6 8. Bb2 e5
9. dxe5 dxe5 10. O-O Qe7 11. Qc1 Rd8 12. Nd5 Nxd5 13. cxd5 Nb4 14. Ba3 a5 15.
Bc4 Kh8 16. Rd1 e4 17. Nd4 Qg5 18. Nc2 Nxc2 19. Qxc2 Bd7 20. Bb2 a4 21. Bxg7+
Kxg7 22. Rac1 Qf6 23. bxa4 Bxa4 24. Bb3 Bxb3 25. Qxc7+ Qf7 26. Qxf7+ Kxf7 27.
axb3 Rd7 28. h4 Ra5 29. Rd4 Kf6 30. b4 Raxd5 31. Rxd5 1/2-1/2

[Event "Stuttgarter Stadtmeisterschaft 2010 A"]
[Site "Ditzingen"]
[Date "2010.05.15"]
[Round "6.57"]
[White "Naundorf, Jo-Jan"]
[Black "Schömbs, Oliver"]
[Result "0-1"]
[WhiteElo "1809"]
[BlackElo "1952"]
[PlyCount "30"]
[EventDate "2010.??.??"]
[WhiteTeam "SF Oeffingen e.V."]
[BlackTeam "SC Ingersheim e.V."]

1. e4 e5 2. Nf3 Nc6 3. Bb5 f5 4. Bxc6 dxc6 5. Nc3 Nf6 6. Nxe5 fxe4 7. Nc4 Bc5
8. O-O O-O 9. d3 Ng4 10. Nxe4 Qh4 11. h3 Nxf2 12. Nxf2 Bxf2+ 13. Rxf2 Rxf2 14.
Be3 Rxg2+ 15. Kxg2 Bxh3+ 0-1

[Event "Stuttgarter Stadtmeisterschaft 2010 A"]
[Site "Ditzingen"]
[Date "2010.05.15"]
[Round "6.59"]
[White "Baumeister, Wolfgang"]
[Black "Mainik, Philipp"]
[Result "1/2-1/2"]
[WhiteElo "1881"]
[BlackElo "1716"]
[PlyCount "81"]
[EventDate "2010.??.??"]
[WhiteTeam "SC Kreuzberg e.V."]
[BlackTeam "SV Fellbach"]

1. e4 e5 2. Nf3 Nc6 3. Bc4 Nf6 4. d4 exd4 5. O-O Nxe4 6. Re1 d5 7. Bxd5 Qxd5 8.
Nc3 Qd8 9. Nxe4 Be7 10. Bg5 O-O 11. Bxe7 Nxe7 12. Qxd4 Qxd4 13. Nxd4 Nf5 14.
Rad1 Nxd4 15. Rxd4 Bf5 16. Ng3 Be6 17. h3 Rfd8 18. Rdd1 Kf8 19. b3 a5 20. Ne2
f6 21. g4 Bf7 22. f3 a4 23. Nc3 axb3 24. cxb3 c6 25. Kf2 Rxd1 26. Rxd1 Ke7 27.
Rd2 Rd8 28. Re2+ Kf8 29. Ke3 c5 30. Rd2 Rxd2 31. Kxd2 Ke7 32. Ne4 b6 33. Ke3
Bd5 34. Nd2 Ke6 35. Kd3 Bb7 36. Ke3 f5 37. Nc4 fxg4 38. hxg4 b5 39. Nb2 Bd5 40.
f4 g6 41. Nd3 1/2-1/2

[Event "Stuttgarter Stadtmeisterschaft 2010 A"]
[Site "Ditzingen"]
[Date "2010.05.15"]
[Round "6.39"]
[White "Schlachetzki, Horst"]
[Black "Muth, Roland"]
[Result "0-1"]
[WhiteElo "1948"]
[BlackElo "2125"]
[PlyCount "82"]
[EventDate "2010.??.??"]
[WhiteTeam "SC Leinfelden"]
[BlackTeam "Sabt SpVgg Rommelshausen"]

1. e4 c5 2. Nf3 g6 3. d4 cxd4 4. Nxd4 Nc6 5. Nxc6 bxc6 6. Be2 Bg7 7. O-O Qb6 8.
Nd2 Nf6 9. Bd3 O-O 10. Nc4 Qc7 11. Ne3 d5 12. exd5 cxd5 13. c3 Rb8 14. Be2 Rd8
15. Nc2 e5 16. g3 Be6 17. Nb4 Qd6 18. a3 a5 19. Nd3 Rdc8 20. Bd2 Ne4 21. Be3
Qc6 22. Rc1 Nd6 23. b4 Nc4 24. Bc5 Nxa3 25. bxa5 Nc4 26. Bb4 d4 27. cxd4 Bh3
28. f3 Bxf1 29. Bxf1 exd4 30. Ne5 Bxe5 31. Rxc4 Qd5 32. Qb3 Rxc4 33. Bxc4 Qb7
34. a6 Qxb4 35. Bxf7+ Kg7 36. Qe6 Qd6 37. Qa2 Ra8 38. Bc4 d3 39. Qb3 Rd8 40. a7
Bd4+ 41. Kg2 Bxa7 0-1

[Event "Stuttgarter Stadtmeisterschaft 2010 A"]
[Site "Ditzingen"]
[Date "2010.05.15"]
[Round "6.25"]
[White "Migl, Dieter"]
[Black "Gehringer, Frank"]
[Result "1-0"]
[WhiteElo "2183"]
[BlackElo "2039"]
[PlyCount "25"]
[EventDate "2010.??.??"]
[WhiteTeam "Stuttgarter SF 1879"]
[BlackTeam "SC Leinfelden"]

1. e4 e5 2. Nf3 Nc6 3. Bc4 Nf6 4. d4 exd4 5. O-O Bc5 6. e5 d5 7. exf6 dxc4 8.
fxg7 Rg8 9. Bg5 Qd5 10. Nc3 Qf5 11. Re1+ Be6 12. Ne4 Rxg7 13. Nh4 1-0

[Event "Stuttgarter Stadtmeisterschaft 2010 A"]
[Site "Ditzingen"]
[Date "2010.05.15"]
[Round "6.41"]
[White "Erben, Larissa"]
[Black "Ohnmacht, Rolf"]
[Result "1-0"]
[WhiteElo "2042"]
[BlackElo "1946"]
[PlyCount "69"]
[EventDate "2010.??.??"]
[WhiteTeam "SV Stuttgart-Wolfbusch 1956 e.V."]
[BlackTeam "SC Niefern-Öschelbronn"]

1. e4 d6 2. d4 Nf6 3. Nc3 g6 4. f4 Bg7 5. Nf3 O-O 6. Be3 Ng4 7. Bg1 c6 8. Bd3
Qa5 9. Qd2 Na6 10. h3 Nf6 11. Be3 c5 12. O-O cxd4 13. Bxd4 Nc5 14. Nd5 Qxd2 15.
Nxe7+ Kh8 16. Nxd2 Nxd3 17. cxd3 Bd7 18. e5 Nd5 19. Ne4 Nc7 20. Nxd6 Nb5 21.
Bc5 b6 22. Bb4 Nd4 23. Rf2 f6 24. Raf1 fxe5 25. fxe5 Be6 26. Ne4 Rxf2 27. Rxf2
Bxe5 28. Ng5 Bxa2 29. Nf7+ Bxf7 30. Rxf7 Ne2+ 31. Kf2 Nc1 32. Ke3 Bxb2 33. d4
Na2 34. Bd6 Bc1+ 35. Kd3 1-0

[Event "Stuttgarter Stadtmeisterschaft 2010 A"]
[Site "Ditzingen"]
[Date "2010.05.15"]
[Round "6.54"]
[White "Schnepel, Thomas"]
[Black "Hoffmann, Jonas"]
[Result "1/2-1/2"]
[WhiteElo "1957"]
[BlackElo "1910"]
[PlyCount "63"]
[EventDate "2010.??.??"]
[WhiteTeam "SC Pforzheim 1906"]
[BlackTeam "SK Enkenbach"]

1. e4 d5 2. exd5 Qxd5 3. c4 Qd6 4. Nf3 Bg4 5. Be2 Nc6 6. O-O O-O-O 7. Nc3 Nf6
8. Qa4 Qb4 9. Qd1 Qd6 10. h3 Bxf3 11. Bxf3 Nd4 12. Bg4+ Nxg4 13. Qxg4+ Qd7 14.
Qh5 Qf5 15. Qxf5+ Nxf5 16. Re1 Nd4 17. Rb1 e6 18. Re4 Bb4 19. Ne2 Nxe2+ 20.
Rxe2 Rd3 21. a3 Be7 22. Re3 Rhd8 23. Kf1 R3d7 24. Rf3 Bg5 25. d4 Bxc1 26. Rxc1
f6 27. Re3 Rxd4 28. Rxe6 Rd2 29. Re2 Rd1+ 30. Rxd1 Rxd1+ 31. Re1 Rxe1+ 32. Kxe1
1/2-1/2

[Event "Stuttgarter Stadtmeisterschaft 2010 A"]
[Site "Ditzingen"]
[Date "2010.05.15"]
[Round "6.16"]
[White "Szenetra, Werner"]
[Black "Petermann, Michail"]
[Result "1-0"]
[WhiteElo "2201"]
[BlackElo "2060"]
[PlyCount "95"]
[EventDate "2010.??.??"]
[WhiteTeam "SC Rastatt"]
[BlackTeam "SC Untergrombach 46"]

1. Nf3 Nf6 2. g3 c5 3. Bg2 Nc6 4. O-O e5 5. d3 Be7 6. e4 d5 7. Nbd2 dxe4 8.
dxe4 Bg4 9. h3 Bd7 10. c3 Qc7 11. Qe2 h6 12. Nc4 Be6 13. a4 O-O-O 14. Nh4 Qd7
15. Nf5 Bf8 16. f4 Nxe4 17. Bxe4 Bxf5 18. Bxf5 Qxf5 19. g4 Qe6 20. fxe5 f6 21.
Bf4 g5 22. Bh2 fxe5 23. Rae1 Bd6 24. Nxd6+ Rxd6 25. Bxe5 Nxe5 26. Qxe5 Qxe5 27.
Rxe5 Rc6 28. Rff5 Rd8 29. Rxc5 Rd1+ 30. Kf2 Rd2+ 31. Ke3 Rh2 32. Rxc6+ bxc6 33.
Rf3 c5 34. Kd3 Rxb2 35. Rf6 Rb6 36. Rf8+ Kb7 37. Kc4 Re6 38. Kd5 Re7 39. Rf6 h5
40. gxh5 Rd7+ 41. Kc4 Re7 42. Kd3 Rd7+ 43. Kc4 Re7 44. h6 Re4+ 45. Kb5 Rh4 46.
Rf7+ Kc8 47. h7 Rxh3 48. Rxa7 1-0

[Event "Stuttgarter Stadtmeisterschaft 2010 A"]
[Site "Ditzingen"]
[Date "2010.05.15"]
[Round "6.45"]
[White "Hünerberg, Clemens"]
[Black "Kreiter, Thomas"]
[Result "0-1"]
[WhiteElo "1984"]
[BlackElo "1935"]
[PlyCount "52"]
[EventDate "2010.??.??"]
[WhiteTeam "SF 1954 Conweiler e.V."]
[BlackTeam "SC Tamm 74"]

1. e4 c5 2. Nc3 Nc6 3. g3 g6 4. Bg2 Bg7 5. d3 d6 6. f4 e6 7. Nf3 Nge7 8. O-O
Rb8 9. Be3 b6 10. Qd2 d5 11. exd5 exd5 12. Bf2 d4 13. Ne4 O-O 14. Nh4 h6 15.
Qd1 Nd5 16. Nd2 Re8 17. Re1 Rxe1+ 18. Qxe1 Ncb4 19. Qd1 Ne3 20. Bxe3 dxe3 21.
Nc4 Nd5 22. Ne5 Bb7 23. Nhf3 Qe8 24. Qe2 Nb4 25. c3 Bxe5 26. fxe5 Nd5 0-1

[Event "Stuttgarter Stadtmeisterschaft 2010 A"]
[Site "Ditzingen"]
[Date "2010.05.15"]
[Round "6.46"]
[White "Hirschfeld, Dennis"]
[Black "Lerner, Jürgen"]
[Result "1-0"]
[WhiteElo "1980"]
[BlackElo "1884"]
[PlyCount "115"]
[EventDate "2010.??.??"]
[WhiteTeam "SV Besigheim"]
[BlackTeam "SC Überlingen"]

1. d4 Nf6 2. c4 g6 3. Nc3 Bg7 4. Nf3 O-O 5. Bf4 d6 6. e3 Nbd7 7. Be2 Re8 8. O-O
Nh5 9. Bg5 h6 10. Bh4 Nhf6 11. Bg3 Nh5 12. Bh4 c6 13. h3 Qc7 14. Nd2 Nhf6 15.
Bg3 e5 16. Rb1 a5 17. a3 Nh7 18. Nf3 f5 19. b4 Ndf6 20. c5 Nd7 21. cxd6 Qxd6
22. Bc4+ Kh8 23. dxe5 Qe7 24. Qb3 Nxe5 25. Nxe5 Bxe5 26. Bf7 Rd8 27. Bxe5+ Qxe5
28. Rfd1 Rd6 29. Rxd6 Qxd6 30. Rd1 Qf6 31. Na4 Ng5 32. Nb6 Rb8 33. Nxc8 Nxf7
34. Nb6 Rd8 35. Rxd8+ Qxd8 36. Qb2+ Kh7 37. bxa5 Qd1+ 38. Kh2 Qd6+ 39. f4 h5
40. Nc4 Qe7 41. Qb4 Qxb4 42. axb4 Kg7 43. g4 hxg4 44. hxg4 Kf6 45. Kg3 Ke6 46.
gxf5+ gxf5 47. Kf3 Nh6 48. e4 fxe4+ 49. Kxe4 Nf5 50. Ne3 Ne7 51. f5+ Kf6 52.
Kf4 Nc8 53. Ng4+ Ke7 54. Ke5 Kf7 55. f6 Kf8 56. Ke6 Ke8 57. Ne5 Kf8 58. Nd7+
1-0

[Event "Stuttgarter Stadtmeisterschaft 2010 A"]
[Site "Ditzingen"]
[Date "2010.05.15"]
[Round "6.35"]
[White "Braun, Rüdiger-Thomas"]
[Black "Gustain, Marc"]
[Result "0-1"]
[WhiteElo "1988"]
[BlackElo "2085"]
[PlyCount "42"]
[EventDate "2010.??.??"]
[WhiteTeam "SF Birkenfeld"]
[BlackTeam "SF Deizisau"]

1. e4 c5 2. Nf3 d6 3. d4 cxd4 4. Nxd4 Nf6 5. Nc3 a6 6. Bg5 e6 7. f4 Nc6 8. Nxc6
bxc6 9. e5 h6 10. Bh4 g5 11. fxg5 Nd5 12. Nxd5 cxd5 13. Bg3 hxg5 14. c3 Qb6 15.
Rb1 Bd7 16. Bf2 Qc7 17. Qg4 dxe5 18. Qxg5 d4 19. Bd3 dxc3 20. O-O e4 21. Bg3
Qc5+ 0-1

[Event "Stuttgarter Stadtmeisterschaft 2010 A"]
[Site "Ditzingen"]
[Date "2010.05.15"]
[Round "6.51"]
[White "Körber, Thomas"]
[Black "Rempeli, Alex"]
[Result "1/2-1/2"]
[WhiteElo "2002"]
[BlackElo "1807"]
[PlyCount "33"]
[EventDate "2010.??.??"]
[WhiteTeam "SF Fürth 1951 e.V."]
[BlackTeam "SF Deizisau"]

1. Nf3 Nf6 2. g3 g6 3. Bg2 Bg7 4. d3 d5 5. Nbd2 O-O 6. O-O b6 7. e4 dxe4 8.
dxe4 Bb7 9. Re1 Nbd7 10. c3 e5 11. Qc2 Qe7 12. a4 Rfd8 13. Nc4 Ba6 14. Bf1 Ng4
15. Ne3 Bxf1 16. Kxf1 Nxe3+ 17. Bxe3 1/2-1/2

[Event "Stuttgarter Stadtmeisterschaft 2010 A"]
[Site "Ditzingen"]
[Date "2010.05.15"]
[Round "6.15"]
[White "Donchenko, Alexander"]
[Black "Zhou, Syang"]
[Result "1/2-1/2"]
[WhiteElo "2094"]
[BlackElo "2206"]
[PlyCount "62"]
[EventDate "2010.??.??"]
[WhiteTeam "SK 1858 Gießen"]
[BlackTeam "SF Deizisau"]

1. d4 Nf6 2. Nf3 g6 3. g3 Bg7 4. Bg2 c5 5. c4 O-O 6. O-O cxd4 7. Nxd4 Nc6 8.
Nc3 Nxd4 9. Qxd4 d6 10. Qd3 Nd7 11. b3 Nc5 12. Qd2 Rb8 13. Bb2 Be6 14. Rfd1 a6
15. Ne4 Nxe4 16. Bxe4 Bxb2 17. Qxb2 Qa5 18. Rac1 Rfc8 19. Bd5 b5 20. Bxe6 fxe6
21. c5 Rxc5 22. Rxc5 dxc5 23. Qe5 Qb6 24. Rd7 Re8 25. Rc7 Qd6 26. Qxc5 Qd1+ 27.
Kg2 Qxe2 28. Rxe7 Qe4+ 29. Kh3 Rxe7 30. Qxe7 Qf5+ 31. Kg2 Qd5+ 1/2-1/2

[Event "Stuttgarter Stadtmeisterschaft 2010 A"]
[Site "Ditzingen"]
[Date "2010.05.15"]
[Round "6.52"]
[White "Grünert, Thomas"]
[Black "Klaus, Daniel"]
[Result "0-1"]
[WhiteElo "1929"]
[BlackElo "1985"]
[PlyCount "93"]
[EventDate "2010.??.??"]
[WhiteTeam "SF Illingen"]
[BlackTeam "SF Möglingen 1976"]

1. d4 d5 2. Nf3 Nf6 3. e3 Bg4 4. c4 c6 5. Nc3 e6 6. Qb3 Qc7 7. Ne5 Bf5 8. Bd2
Bd6 9. f4 Ne4 10. Nf3 Nd7 11. Be2 dxc4 12. Bxc4 Nb6 13. Nxe4 Bxe4 14. Bxe6 Bxf3
15. gxf3 fxe6 16. Qxe6+ Qe7 17. Qb3 Bxf4 18. O-O-O Bh6 19. Kb1 O-O-O 20. Rhg1
Rd7 21. Rc1 Qf7 22. Qd3 g6 23. Rg3 Qe6 24. Rg4 Rhd8 25. Ka1 Bg7 26. Ba5 Rd5 27.
Qb3 Qd6 28. Bxb6 axb6 29. Qxb6 Kb8 30. a4 Rc8 31. Qb3 Ra5 32. Re4 Qd5 33. Qb4
Bf8 34. Qc4 Qxc4 35. Rxc4 b5 36. Rc2 Rxa4+ 37. Kb1 Ra7 38. d5 c5 39. Rh4 Rd7
40. e4 Re8 41. Rf4 Bd6 42. Rf6 Kb7 43. Rf2 Be5 44. Re6 Rxe6 45. dxe6 Re7 46. f4
Bd4 47. f5 0-1

[Event "Stuttgarter Stadtmeisterschaft 2010 A"]
[Site "Ditzingen"]
[Date "2010.05.15"]
[Round "6.26"]
[White "Lipecki, Alexander"]
[Black "Roth, Stefan"]
[Result "1-0"]
[WhiteElo "2140"]
[BlackElo "2034"]
[PlyCount "57"]
[EventDate "2010.??.??"]
[BlackTeam "SG Kaiserslautern 1905"]

1. e4 e6 2. b3 d5 3. Bb2 Nf6 4. e5 Nfd7 5. f4 c5 6. Qg4 Nc6 7. Nf3 h5 8. Qh3 g6
9. Bd3 Ne7 10. Nc3 a6 11. Ng5 Bg7 12. g4 hxg4 13. Qxg4 Nf8 14. h4 b5 15. O-O-O
c4 16. Be2 Nf5 17. h5 gxh5 18. Rxh5 Rxh5 19. Qxh5 Ra7 20. Bg4 Nh6 21. Bh3 cxb3
22. axb3 b4 23. Ne2 Qe7 24. Nd4 Bd7 25. Rg1 Nf5 26. Ngxe6 Nxd4 27. Nxg7+ Kd8
28. Bxd4 Rb7 29. f5 1-0

[Event "Stuttgarter Stadtmeisterschaft 2010 A"]
[Site "Ditzingen"]
[Date "2010.05.15"]
[Round "6.8"]
[White "Zeller, Frank"]
[Black "Arounopoulos, Stephan"]
[Result "1-0"]
[WhiteElo "2420"]
[BlackElo "2141"]
[PlyCount "149"]
[EventDate "2010.??.??"]
[WhiteTeam "SG Schwäb.Gmünd 1872 e.V"]
[BlackTeam "SK e4 Gerlingen"]

1. e4 e6 2. d4 d5 3. Nc3 Bb4 4. Nge2 dxe4 5. a3 Be7 6. Nxe4 Nf6 7. Qd3 Bd7 8.
Bf4 Nh5 9. Bd2 Bc6 10. O-O-O Nd7 11. h4 Nhf6 12. Ng5 Nf8 13. Nf4 h6 14. Nf3
Bxf3 15. Qxf3 c6 16. Rh3 Qc7 17. Rg3 g6 18. Nd3 N8d7 19. Bf4 Bd6 20. Be5 Bxe5
21. Nxe5 Rf8 22. Nxd7 Nxd7 23. Qe3 h5 24. d5 cxd5 25. Rxd5 O-O-O 26. Rb5 Kb8
27. Be2 Nf6 28. Qb3 Rd5 29. Rb4 b6 30. Rf3 Nd7 31. Rff4 Nc5 32. Qf3 Rf5 33.
Rxf5 exf5 34. Qf4 Qxf4+ 35. Rxf4 Re8 36. Bc4 Re7 37. Rd4 Kc7 38. f3 Ne6 39. Rd2
Nf4 40. Kd1 Ne6 41. b4 Kc6 42. c3 Nf4 43. g3 Ne6 44. f4 Kc7 45. Re2 Kd6 46. Kd2
Rc7 47. Kd3 Rc8 48. Re5 Rc7 49. a4 Rc8 50. a5 Rb8 51. axb6 axb6 52. Re2 Rb7 53.
Ra2 Ke7 54. Bb5 Nf8 55. Bc6 Rc7 56. b5 Nd7 57. Ra8 Nc5+ 58. Kd4 Kf6 59. Rb8 Nd7
60. Rd8 Nc5 61. Bd5 Ne6+ 62. Bxe6 Kxe6 63. c4 Ke7 64. Rb8 Rd7+ 65. Ke5 Rc7 66.
Rxb6 Rxc4 67. Rb7+ Ke8 68. Kf6 Rc3 69. Rxf7 Rxg3 70. b6 Rb3 71. b7 Rb6+ 72. Kg7
Kd8 73. b8=Q+ Rxb8 74. Rf8+ Kc7 75. Rxb8 1-0

[Event "Stuttgarter Stadtmeisterschaft 2010 A"]
[Site "Ditzingen"]
[Date "2010.05.15"]
[Round "6.34"]
[White "Paul, Mathias"]
[Black "Reichert, Matthias"]
[Result "1-0"]
[WhiteElo "2009"]
[BlackElo "2092"]
[PlyCount "113"]
[EventDate "2010.??.??"]
[BlackTeam "SG Schwäb.Gmünd 1872 e.V"]

1. e4 e5 2. f4 d5 3. exd5 c6 4. Qe2 cxd5 5. fxe5 Nc6 6. Nf3 Bc5 7. c3 d4 8. b4
Bb6 9. b5 Nce7 10. Nxd4 Bxd4 11. cxd4 Qxd4 12. Nc3 Bf5 13. Ba3 Rc8 14. Rc1 Ng6
15. Bd6 Nf6 16. exf6+ Kd7 17. Qf3 Kxd6 18. Qxf5 Rhe8+ 19. Kd1 Nf4 20. Ne4+ Qxe4
21. Qxe4 Rxc1+ 22. Kxc1 Rxe4 23. fxg7 Re8 24. g3 Ne6 25. Bg2 b6 26. Rf1 Ke7 27.
Rf3 Rc8+ 28. Kd1 Nxg7 29. Ra3 Rc7 30. Be4 h6 31. Ke2 Ne6 32. Ke3 Kd6 33. d4 Re7
34. Kd3 Rc7 35. Rc3 Rxc3+ 36. Kxc3 Nc7 37. a4 Ne6 38. Kd3 Ke7 39. Bd5 Nc7 40.
Bc4 f6 41. Ke4 Kd6 42. Kf5 Nd5 43. Bxd5 Kxd5 44. Kg6 Kxd4 45. Kxh6 Kc3 46. h4
Kb4 47. h5 Kxa4 48. Kg6 Kxb5 49. h6 Ka4 50. h7 b5 51. h8=Q a5 52. Qxf6 b4 53.
Kf5 b3 54. Qb2 Kb4 55. Qd2+ Kb5 56. g4 a4 57. Qc3 1-0

[Event "Stuttgarter Stadtmeisterschaft 2010 A"]
[Site "Ditzingen"]
[Date "2010.05.15"]
[Round "6.33"]
[White "Imhof, Thomas"]
[Black "Stitterich, Nadine"]
[Result "1-0"]
[WhiteElo "2094"]
[BlackElo "1974"]
[PlyCount "79"]
[EventDate "2010.??.??"]
[WhiteTeam "SGem Vaihingen-Rohr"]
[BlackTeam "SV Stuttgart-Wolfbusch 1956 e.V."]

1. g3 Nf6 2. Bg2 g6 3. Nf3 Bg7 4. O-O O-O 5. d4 d6 6. c4 Nbd7 7. Nc3 c5 8. d5
a6 9. a4 Rb8 10. e4 Ne8 11. Qc2 Nc7 12. a5 e6 13. Bd2 exd5 14. exd5 Ne5 15.
Nxe5 Bxe5 16. Rfe1 Ne8 17. Ne4 b5 18. Nxc5 bxc4 19. Na4 Bd7 20. Nb6 Bb5 21. Bc3
Qf6 22. Bxe5 dxe5 23. Qe4 Nd6 24. Qxe5 Qxe5 25. Rxe5 Rfe8 26. Rae1 Kf8 27.
Rxe8+ Rxe8 28. Rxe8+ Kxe8 29. f4 Nb7 30. Kf2 Kd8 31. Ke3 Nxa5 32. d6 Nb3 33.
Bd5 f6 34. Nxc4 Nc5 35. Nb6 Na4 36. Nxa4 Bxa4 37. Kd4 Kd7 38. Kc5 h6 39. Bc4 a5
40. Bb5+ 1-0

[Event "Stuttgarter Stadtmeisterschaft 2010 A"]
[Site "Ditzingen"]
[Date "2010.05.15"]
[Round "6.19"]
[White "Braun, Georg"]
[Black "Montigel, Philipp"]
[Result "1/2-1/2"]
[WhiteElo "2074"]
[BlackElo "2162"]
[PlyCount "70"]
[EventDate "2010.??.??"]
[WhiteTeam "SK Bebenhausen 1992"]
[BlackTeam "SV Stuttgart-Wolfbusch 1956 e.V."]

1. e4 e5 2. Nf3 Nc6 3. Bb5 f5 4. d3 fxe4 5. dxe4 Nf6 6. O-O Bc5 7. Qe2 Nd4 8.
Nxd4 Bxd4 9. Bc4 d6 10. c3 Bb6 11. Bg5 Qe7 12. Nd2 h6 13. Be3 g5 14. Bxb6 axb6
15. Rfe1 Bd7 16. Nf1 Bc6 17. Bb5 Qf7 18. Ng3 Ra5 19. Bc4 Qg6 20. Rad1 g4 21. b4
Ra8 22. Be6 h5 23. b5 Bd7 24. Qc4 Rc8 25. Nf5 Kd8 26. Re3 Rf8 27. Re2 Nxe4 28.
Bxd7 Kxd7 29. Qxe4 Qxf5 30. Qxb7 h4 31. Qc6+ Ke7 32. Qc4 Qf4 33. Qd3 Qf5 34.
Qc4 Qf4 35. Qd3 Qf5 1/2-1/2

[Event "Stuttgarter Stadtmeisterschaft 2010 A"]
[Site "Ditzingen"]
[Date "2010.05.15"]
[Round "6.7"]
[White "Schmittdiel, Eckhard"]
[Black "Reck, Moritz"]
[Result "1-0"]
[WhiteElo "2473"]
[BlackElo "2158"]
[PlyCount "57"]
[EventDate "2010.??.??"]
[WhiteTeam "SV Tübingen 1870 e.V."]
[BlackTeam "SK Bebenhausen 1992"]

1. e4 g6 2. d4 Bg7 3. c3 d6 4. Bg5 h6 5. Bh4 Nf6 6. Nd2 O-O 7. Ngf3 Nc6 8. d5
Nb8 9. Bd3 e6 10. dxe6 Bxe6 11. Nd4 Bd7 12. f4 Nc6 13. N4f3 Qc8 14. O-O Nh5 15.
g3 f6 16. Ne1 Bg4 17. Be2 Bxe2 18. Qxe2 f5 19. Ng2 Nf6 20. Bxf6 Bxf6 21. Ne3
fxe4 22. Qc4+ Kg7 23. Nxe4 Qd7 24. Nd5 Qf7 25. Nexf6 Nd8 26. Rae1 Ne6 27. f5
gxf5 28. Rxf5 c6 29. Nh5+ 1-0

[Event "Stuttgarter Stadtmeisterschaft 2010 A"]
[Site "Ditzingen"]
[Date "2010.05.15"]
[Round "6.28"]
[White "Zimmermann, Ulrich"]
[Black "Melzner, Lukas"]
[Result "0-1"]
[WhiteElo "2022"]
[BlackElo "2122"]
[PlyCount "42"]
[EventDate "2010.??.??"]
[WhiteTeam "SK Bebenhausen 1992"]
[BlackTeam "Schachklub München Südost e.V."]

1. e4 e6 2. d4 d5 3. Nc3 Bb4 4. e5 c5 5. a3 Bxc3+ 6. bxc3 Qc7 7. Nf3 b6 8. a4
Ba6 9. Bxa6 Nxa6 10. a5 Ne7 11. O-O O-O 12. axb6 axb6 13. Ng5 h6 14. Nh3 cxd4
15. cxd4 Nb4 16. Rxa8 Rxa8 17. Qg4 Nf5 18. Nf4 Qxc2 19. Nh5 Ra1 20. Bxh6 Rxf1+
21. Kxf1 Qd3+ 0-1

[Event "Stuttgarter Stadtmeisterschaft 2010 A"]
[Site "Ditzingen"]
[Date "2010.05.15"]
[Round "6.23"]
[White "Weiler, Dieter"]
[Black "Stein, Carsten"]
[Result "1/2-1/2"]
[WhiteElo "2202"]
[BlackElo "1977"]
[PlyCount "37"]
[EventDate "2010.??.??"]
[BlackTeam "SK Wernau"]

1. d4 d5 2. Nf3 e6 3. e3 c6 4. c4 f5 5. Bd3 Nf6 6. O-O Bd6 7. b3 O-O 8. Ba3 Ne4
9. Bxd6 Qxd6 10. Ne5 Nd7 11. Nxd7 Bxd7 12. f3 Nf6 13. Nc3 Rae8 14. c5 Qc7 15.
f4 Ne4 16. Nxe4 fxe4 17. Be2 Rf6 18. Bg4 Ref8 19. Qe2 1/2-1/2